Estrategia de innovación agraria para producción de leche caprina
Uloženo v:
| Korporace: | , |
|---|---|
| Médium: | Kniha |
| Jazyk: | španělština |
| Vydáno: |
Santiago
FIA
2000
|
| Témata: | |
| Tagy: |
Přidat tag
Žádné tagy, Buďte první, kdo vytvoří štítek k tomuto záznamu!
|
MARC
| LEADER | 00000nam a2200000 a 4500 | ||
|---|---|---|---|
| 001 | UCO6482 | ||
| 003 | CL-VaPUC | ||
| 008 | 001020e20000000cl |||||||||||||||||spa|d | ||
| 082 | 0 | 4 | |a 636.39 |b FUN |2 21 |
| 110 | 2 | |a Fundación para la Innovación Agraria |e author |9 451108 | |
| 710 | 2 | |a FIA |e author |9 451109 | |
| 245 | 1 | 0 | |a Estrategia de innovación agraria para producción de leche caprina |
| 300 | |a 59 p | ||
| 942 | |c BK | ||
| 945 | |d 20001020 00:00:00 |a cmena | ||
| 260 | |a Santiago |b FIA |c 2000 | ||
| 650 | 7 | |a CABRAS |2 CL-VaPUC |9 264456 | |
| 650 | 7 | |a PRODUCCION CAPRINA |2 CL-VaPUC |9 394503 | |
| 650 | 7 | |a PRODUCCION DE LECHE |2 CL-VaPUC |9 394513 | |
| 650 | 7 | |a INNOVACIONES TECNOLOGICAS |2 CL-VaPUC |9 451110 | |
| 650 | 0 | |a Productividad |9 335972 | |
| 650 | 0 | |a Agricultura |9 255598 | |
| 650 | 7 | |a DESARROLLO AGRICOLA |2 CL-VaPUC |9 259759 | |
| 583 | |a last modification |c 20171011 01:50:47 |k Rodrigo Vera | ||
| 999 | |c 291976 |d 291974 | ||
| 952 | |0 0 |1 0 |4 0 |6 636_390000000000000_FUN_2000 |7 0 |8 A |9 342349 |a BIBAGR |b BIBAGR |d 2019-11-20 |i 3658015 |o 636.39 FUN 2000 |p 3658015 |r 2025-01-20 |w 2019-11-20 |y BK |k AGR | ||
| 952 | |0 0 |1 0 |4 0 |6 636_390000000000000_FUN_2000 |7 0 |8 A |9 342350 |a BIBAGR |b BIBAGR |d 2019-11-20 |i 3764583 |o 636.39 FUN 2000 |p 3764583 |r 2025-01-20 |w 2019-11-20 |y BK |k AGR | ||
| 952 | |0 0 |1 0 |4 0 |6 636_390000000000000_FUN_2000 |7 0 |8 A |9 342351 |a BIBAGR |b BIBAGR |d 2019-11-20 |i 3764591 |o 636.39 FUN 2000 |p 3764591 |r 2025-01-20 |w 2019-11-20 |y BK |k AGR | ||
| 952 | |0 0 |1 0 |4 0 |6 636_390000000000000_FUN_2000 |7 0 |8 A |9 342352 |a BIBAGR |b BIBAGR |d 2019-11-20 |i 3764605 |o 636.39 FUN 2000 |p 3764605 |r 2025-01-20 |w 2019-11-20 |y BK |k AGR | ||
| 952 | |0 0 |1 0 |4 0 |6 636_390000000000000_FUN_2000 |7 0 |8 A |9 342353 |a BIBAGR |b BIBAGR |d 2019-11-20 |i 4635981 |o 636.39 FUN 2000 |p 4635981 |r 2025-01-20 |w 2019-11-20 |y BK |k AGR | ||